000 00656nam a2200205Ii 4500
003 JO-AjNU
008 230605s9999||||xx |||||||||||||| ||und||
017 _a1982/448
040 _aJO-AjNU
_bara
_erda
_cJO-AjNU
041 _aara
050 1 4 _aPJ7561.L8 1982
100 3 _aلؤلؤة،عبد الواحد,
_eauthor
_97484
245 0 0 _aالنفخ في الرماد: دراسات نقدية
264 3 1 _aبغداد:المؤلف،1982
300 _a302ص
336 _atext
_btxt
_2rdacontent
337 _aunmediated
_bn
_2rdamedia
338 _avolume
_bnc
_2rdacarrier
650 4 _aالشعر العربي-العراق -القرن العشرين
_97485
999 _aA302
_c3870
_d3870